Mujeres, feminismo y arte popular (Registro nro. 318813)

Detalles MARC
000 -ENCABEZADO
Número de control [NR] 01079nam a2200253 a 4500
005 - FECHA Y HORA DE LA ÚLTIMA TRANSACCIÓN
control field 20210729130238.0
008 - DE LONGITUD FIJA DE DATOS DE ELEMENTOS - INFORMACIÓN GENERAL
Elementos de longitud fija [NR] 120830s2015 mx a|||gr|||| 00| 0 spa d
020 ## - NUMERO INTERNACIONAL NORMALIZADO PARA LIBROS [R]
Número Internacional Normalizado del libro [NR] 9786079209292
040 ## - FUENTE DE CATALOGACION [NR]
Agencia de catalogación original [NR] CO-BoUCM
Idioma de catalogación [NR] spa
Quien Cataloga Deissy Garcia
Quien Clasifica Deissy Garcia
041 0# - CODIGO DE IDIOMA [R]
Código de idioma para texto/pista de sonido o título separado [R] Español
245 00 - MENCION DE TITULO [NR]
Título [NR] Mujeres, feminismo y arte popular
Mención de responsabilidad, etc. [NR] coordinación Eli Bartra, María Guadalupe Huacuz Elías
260 ## - PUBLICACION, DISTRIBUCION, ETC. (PIE DE IMPRENTA) [R]
Lugar de publicación, distribución, etc. [R] [México, D.F.]
Nombre del editor, distribuidor, etc. [R] Universidad Autónoma Metropolitana, Unidad Xochimilco, División de Ciencias Sociales y Humanidades
-- Obra Abierta Ediciones
Fecha de publicación, distribución, etc. [R] 2015
300 ## - DESCRIPCION FISICA [R]
Extensión [R] 191 páginas
Otros detalles físicos [NR] ilustraciones
504 ## - NOTA DE BIBLIOGRAFIA, ETC. [R]
Nota de bibliografía, etc. [NR] Incluye referencias bibliográficas
650 #0 - ASIENTO SECUNDARIO DE MATERIA - TERMINO TEMATICO [R]
9 (RLIN) 104354
Término temático o nombre geográfico como elemento de entrada [NR] Feminismo y artes
650 #7 - ASIENTO SECUNDARIO DE MATERIA - TERMINO TEMATICO [R]
9 (RLIN) 19899
Término temático o nombre geográfico como elemento de entrada [NR] Mujeres en el arte
650 #0 - ASIENTO SECUNDARIO DE MATERIA - TERMINO TEMATICO [R]
9 (RLIN) 29857
Término temático o nombre geográfico como elemento de entrada [NR] Arte popular
Subdivisión geográfica [R] México
650 #0 - ASIENTO SECUNDARIO DE MATERIA - TERMINO TEMATICO [R]
Término temático o nombre geográfico como elemento de entrada [NR] Mujeres artesanas
Subdivisión geográfica [R] América Latina
9 (RLIN) 104356
650 #0 - ASIENTO SECUNDARIO DE MATERIA - TERMINO TEMATICO [R]
Término temático o nombre geográfico como elemento de entrada [NR] Mujeres artistas
Subdivisión geográfica [R] América Latina
9 (RLIN) 104357
700 1# - ASIENTO SECUNDARIO - NOMBRE PERSONAL [R]
Nombre personal [NR] Bartra, Eli
Término de relación [R] editor
9 (RLIN) 103449
700 1# - ASIENTO SECUNDARIO - NOMBRE PERSONAL [R]
9 (RLIN) 104355
Nombre personal [NR] Huacuz Elías, María Guadalupe
Término de relación [R] editor
942 ## - ELEMENTOS DE ENTRADA AGREGADOS (KOHA)
Tipo de ítem principal el descrito en 300a Libro
Sistema de clasificación DEWEY
Tema principal Arte
Edición 1
Clasificación 700.4522
Parte restante de la signatura top. M953
Título oculto en OPAC No
Existencias
Fecha de último préstamo Total préstamos Signatura topográfica Código de barras Última vez visto Ejemplar Costo de reposición Price effective from Tipo de ítem Perdido Sistema de clasificación Dañado No prestable Tipo de ítem específico Suprimido Ubicación habitual Ubicación actual Localización Fecha de creación Proveedor Forma de adquisición Costo
06/08/2021 1 700.4522 M953 100167516 06/12/2025 Ej.1 190365.00 06/07/2021 Libro   DEWEY     Libro   Claustro Claustro 2do piso 06/07/2021 157 Compra 190365.00